Toward a new image of paramartha: (Record no. 1309853)

MARC details
000 -LEADER
fixed length control field 00878nam a22002537a 4500
005 - DATE AND TIME OF LATEST TRANSACTION
control field 20250430162213.0
008 - FIXED-LENGTH DATA ELEMENTS--GENERAL INFORMATION
fixed length control field 250430b |||||||| |||| 00| 0 eng d
020 ## - INTERNATIONAL STANDARD BOOK NUMBER
International Standard Book Number 978-1-3503-0390-4 (pbk)
037 ## - SOURCE OF ACQUISITION
Terms of availability TB
040 ## - CATALOGING SOURCE
Original cataloging agency CRL
Transcribing agency CRL
041 ## - LANGUAGE CODE
Source of code eng
Language code of text/sound track or separate title eng
084 ## - COLON CLASSIFICATION NUMBER
Classification number R6946 R4
Assigning agency CRL
100 ## - MAIN ENTRY--PERSONAL NAME
Personal name Keng, Ching
9 (RLIN) 753604
245 ## - TITLE STATEMENT
Title Toward a new image of paramartha:
Remainder of title Yogacara and tathagatagarbha buddhism revisited
260 ## - PUBLICATION, DISTRIBUTION, ETC.
Place of publication, distribution, etc. London, UK:
Name of publisher, distributor, etc. Bloomsbury Academic,
Date of publication, distribution, etc. 2024.
300 ## - PHYSICAL DESCRIPTION
Extent xiii, 288p.
365 ## - TRADE PRICE
Price amount 28.99
Currency code UKP
490 ## - SERIES STATEMENT
Series statement Bloomsbury studies in world philosophies. (Editor) Monika Kirloskar - Steinbach
650 ## - SUBJECT ADDED ENTRY--TOPICAL TERM
Source of heading or term Philosophy
650 ## - SUBJECT ADDED ENTRY--TOPICAL TERM
Source of heading or term Yogacare
650 ## - SUBJECT ADDED ENTRY--TOPICAL TERM
Source of heading or term Buddhism
942 ## - ADDED ENTRY ELEMENTS (KOHA)
Source of classification or shelving scheme Colon Classification (CC)
Koha item type Textbook
Classification part R6946 R4
Suppress in OPAC No
Holdings
Withdrawn status Lost status Source of classification or shelving scheme Damaged status Not for loan Home library Current library Date acquired Source of acquisition Cost, normal purchase price Inventory number Total Checkouts Full call number Barcode Date last seen Price effective from Koha item type
    Colon Classification (CC)     Central Library Central Library 2025-04-30 Elite Publishers Distributors 28.99 15012 & 2024-12-06   R6946 R4 CL1681837 2025-04-30 2025-04-30 Textbook
Copyright @ Delhi University Library System